[Event "Elit(Kamraterna-Limhamn)"]
[Site "?"]
[Date "2003.??.??"]
[Round "4"]
[White "Aberg, Anton"]
[Black "Ahlander, Bjorn"]
[Result "0-1"]
[WhiteElo "2485"]
[BlackElo "2488"]
[PlyCount "84"]
[EventDate "2003.??.??"]

1. e4 c5 2. Nf3 d6 3. d4 cxd4 4. Nxd4 Nf6 5. Nc3 a6 6. Be3 e5 7. Nb3 Be6 8. Be2
Be7 9. O-O O-O 10. f4 exf4 11. Bxf4 Nc6 12. Kh1 Re8 13. Nd4 Nxd4 14. Qxd4 Rc8
15. Rad1 Rc6 16. Bf3 Qc8 17. Qf2 Bg4 18. Rd2 Bxf3 19. Qxf3 Qe6 20. h3 h6 21.
Re2 Nd7 22. Nd5 Bf8 23. Bh2 Be7 24. Rd1 Bf6 25. c3 Be5 26. Bg1 Nf6 27. b3 b5
28. Bd4 Bxd4 29. Rxd4 Rec8 30. Nxf6+ gxf6 31. Re3 Kf8 32. Rd5 Rc5 33. Red3 Rxd5
34. Rxd5 Ke7 35. Qe3 Rc6 36. Kh2 Qc8 37. Qxh6 Rxc3 38. Qf4 Qe6 39. h4 Rc2 40.
a4 bxa4 41. bxa4 Rc4 42. h5 Qxd5 0-1

[Event "Elit(Kamraterna-Limhamn)"]
[Site "?"]
[Date "2003.??.??"]
[Round "4"]
[White "Brynell, Stellan"]
[Black "Andreasson, Ingvar"]
[Result "1-0"]
[WhiteElo "2567"]
[BlackElo "2389"]
[PlyCount "97"]
[EventDate "2003.??.??"]

1. e4 g6 2. d4 Bg7 3. Nf3 d6 4. Be2 c5 5. d5 Nf6 6. Nc3 O-O 7. O-O Na6 8. h3
Nc7 9. a4 a6 10. Re1 b6 11. Bc4 Bb7 12. Bf4 Nh5 13. Bh2 b5 14. axb5 axb5 15.
Nxb5 Nxb5 16. Bxb5 Bxb2 17. Rb1 Bc3 18. Re3 Bg7 19. e5 Bh6 20. Re1 Ra3 21. Bf1
Ba6 22. c4 f5 23. Ra1 Rxa1 24. Qxa1 Bc8 25. Qa7 f4 26. e6 Ng7 27. Nd2 Ne8 28.
Nb3 g5 29. h4 gxh4 30. Be2 Bg7 31. Na5 Qc7 32. Qxc7 Nxc7 33. Nc6 Bf6 34. Bxf4
Kg7 35. Bd2 Bb7 36. Na5 Ba6 37. Nc6 Bb7 38. Bd3 Bxc6 39. dxc6 Rb8 40. Ba5 Rc8
41. Bxc7 Rxc7 42. Be4 d5 43. cxd5 Be5 44. Bxh7 Kf6 45. Bd3 Ra7 46. Kf1 Bd6 47.
Re4 Ra1+ 48. Ke2 Rh1 49. Ra4 1-0

[Event "Elit(Kamraterna-Limhamn)"]
[Site "?"]
[Date "2003.??.??"]
[Round "4"]
[White "Svensson, Bengt"]
[Black "Aagaard, Jacob"]
[Result "1/2-1/2"]
[WhiteElo "2420"]
[BlackElo "2453"]
[PlyCount "160"]
[EventDate "2003.??.??"]

1. e4 c5 2. Nf3 d6 3. d4 cxd4 4. Nxd4 Nf6 5. Nc3 Nc6 6. Bg5 e6 7. Qd2 a6 8.
O-O-O Bd7 9. f3 Be7 10. Be3 Qa5 11. Kb1 b5 12. Nb3 Qc7 13. Bxb5 O-O 14. Bxc6
Qxc6 15. g4 Rfc8 16. g5 Ne8 17. h4 a5 18. Nc5 Rab8 19. Nxd7 Qxd7 20. Ka1 a4 21.
a3 d5 22. Bf4 Nd6 23. Bxd6 Bxd6 24. Na2 Qb5 25. c3 d4 26. Nb4 Rc4 27. Rc1 g6
28. Rhd1 Bf8 29. Ka2 dxc3 30. bxc3 Rbc8 31. Rc2 R4c7 32. Qd3 Rc4 33. Qd2 Qe5
34. Rdc1 Qg3 35. Qf2 Qxf2 36. Rxf2 Rxc3 37. Rxc3 Rxc3 38. f4 Bc5 39. Rf1 Be3
40. Rf3 Bd4 41. Rxc3 Bxc3 42. Nd3 Kf8 43. Kb1 Ke7 44. Kc2 Bd4 45. Nb2 e5 46.
fxe5 Bf2 47. Nxa4 Bxh4 48. Nc5 Bxg5 49. Kd3 Bf4 50. a4 Bxe5 51. a5 h5 52. a6
Bb8 53. Ke2 g5 54. Nd3 Kd6 55. Kf3 Kc6 56. a7 g4+ 57. Kg2 Bxa7 58. Ne5+ Kd6 59.
Nxf7+ Ke6 60. Nh6 Bb8 61. Nf5 Ke5 62. Ng7 h4 63. Nh5 Bc7 64. Kf2 Bb6+ 65. Kg2
Bd8 66. Ng3 Bc7 67. Nh5 Bd8 68. Ng3 Be7 69. Nf5 Bg5 70. Ng3 Kf4 71. Nf1 Kxe4
72. Nh2 g3 73. Nf3 Kf4 74. Kh3 Bd8 75. Kg2 Be7 76. Ng1 Bc5 77. Nf3 Kg4 78. Nh2+
Kf4 79. Nf3 h3+ 80. Kxh3 Kxf3 1/2-1/2

[Event "Elit(Kamraterna-Limhamn)"]
[Site "?"]
[Date "2003.??.??"]
[Round "4"]
[White "Eriksson, Magnus"]
[Black "Madebrink, Lars"]
[Result "1-0"]
[WhiteElo "2413"]
[BlackElo "2259"]
[PlyCount "75"]
[EventDate "2003.??.??"]

1. Nf3 d5 2. d4 Nc6 3. c4 Bg4 4. cxd5 Bxf3 5. gxf3 Qxd5 6. e3 e5 7. Nc3 Bb4 8.
Bd2 Bxc3 9. bxc3 Qd6 10. Rb1 Nge7 11. Rxb7 O-O 12. Bd3 f5 13. f4 exf4 14. exf4
Kh8 15. Qf3 Nd5 16. Rb5 Rad8 17. O-O Nce7 18. c4 Nf6 19. Bb4 Qd7 20. Re5 Nfg8
21. d5 Rf6 22. Bc2 Ng6 23. Re3 Qf7 24. Kh1 c6 25. Bc3 Nh4 26. Qe2 Rg6 27. Bb3
Ng2 28. Rg3 Nxf4 29. Qe5 Rxg3 30. fxg3 Ng6 31. Qxf5 Qxf5 32. Rxf5 N8e7 33. Rf7
cxd5 34. cxd5 Nxd5 35. Bxg7+ Kg8 36. Rxa7 h5 37. Bd4 Kf8 38. Rh7 1-0

[Event "Elit(Kamraterna-Limhamn)"]
[Site "?"]
[Date "2003.??.??"]
[Round "4"]
[White "Svenn, Matti"]
[Black "Holst, Conny"]
[Result "1/2-1/2"]
[WhiteElo "2245"]
[BlackElo "2232"]
[PlyCount "122"]
[EventDate "2003.??.??"]

1. Nf3 Nf6 2. b3 g6 3. Bb2 Bg7 4. g3 O-O 5. Bg2 c5 6. c4 Nc6 7. O-O d6 8. d4
cxd4 9. Nxd4 Nxd4 10. Qxd4 a6 11. Nc3 Rb8 12. Qd3 Qa5 13. Nd5 Nxd5 14. Bxg7 Nf4
15. Qe4 Kxg7 16. Qxf4 Qc5 17. a3 Be6 18. Rfc1 a5 19. Qd2 Rfc8 20. e3 b5 21. b4
axb4 22. axb4 Qe5 23. f4 Qf6 24. cxb5 Rxb5 25. Bf1 Bc4 26. Bxc4 Rxc4 27. Rxc4
Qxa1+ 28. Kg2 Qa8+ 29. e4 f5 30. Qc3+ Kh6 31. g4 fxg4 32. Kg3 Rh5 33. Kxg4 Qa4
34. Qd2 Qd7+ 35. f5+ g5 36. Qc3 Rh4+ 37. Kg3 Qa7 38. Qd4 Qa3+ 39. Rc3 Qb2 40.
h3 Rf4 41. Rd3 Qb1 42. Rd1 Qxe4 43. Qxe4 Rxe4 44. Rb1 Kg7 45. b5 Re3+ 46. Kg2
Rc3 47. b6 Rc8 48. Kf3 Kf6 49. Ke4 e6 50. fxe6 Kxe6 51. b7 Rb8 52. Kd4 h5 53.
Ke4 g4 54. hxg4 hxg4 55. Kf4 Kd7 56. Kxg4 Kc6 57. Kf4 Rxb7 58. Rxb7 Kxb7 59.
Ke4 Kc6 60. Kd4 d5 61. Kd3 Kc5 1/2-1/2

[Event "Elit(Kamraterna-Limhamn)"]
[Site "?"]
[Date "2003.??.??"]
[Round "4"]
[White "Penalver, Osmani"]
[Black "Borvander, Tom"]
[Result "1-0"]
[WhiteElo "2227"]
[BlackElo "2250"]
[PlyCount "105"]
[EventDate "2003.??.??"]

1. d4 Nf6 2. c4 g6 3. Nc3 Bg7 4. e4 d6 5. f3 O-O 6. Be3 Nbd7 7. Nh3 c5 8. d5
Ne5 9. Nf2 a6 10. Be2 h5 11. Qd2 Re8 12. h3 Nh7 13. f4 Nd7 14. g4 h4 15. g5 b5
16. cxb5 Nb6 17. bxa6 Bxa6 18. Ng4 Nc4 19. Bxc4 Bxc4 20. e5 e6 21. dxe6 Rxe6
22. Ne4 dxe5 23. Qxd8+ Rxd8 24. Nxc5 Ree8 25. f5 gxf5 26. Nh6+ Bxh6 27. gxh6 f4
28. Bf2 e4 29. b3 Bb5 30. Rg1+ Kh8 31. a4 Bc6 32. Rg4 e3 33. Bxh4 Rd5 34. Rc1
Rf5 35. Nd3 f3 36. Rxc6 f2+ 37. Bxf2 exf2+ 38. Kf1 Nf6 39. Rf4 Rxf4 40. Nxf4
Ne4 41. Nd3 Nd2+ 42. Kxf2 Nxb3 43. Rb6 Na5 44. Rf6 Kg8 45. Nc5 Rc8 46. Rf5 Kh7
47. Ne4 Rc2+ 48. Kg3 Nc6 49. Rh5 Ne7 50. Ng5+ Kg6 51. h7 Nf5+ 52. Kf4 Rc4+ 53.
Ne4 1-0

[Event "Elit(LASK-Skara)"]
[Site "?"]
[Date "2003.??.??"]
[Round "4"]
[White "Djurhuus, Rune"]
[Black "Johannessen, Leif E"]
[Result "1-0"]
[WhiteElo "2546"]
[BlackElo "2527"]
[PlyCount "121"]
[EventDate "2003.??.??"]

1. e4 c6 2. d4 d5 3. Nd2 dxe4 4. Nxe4 Bf5 5. Ng3 Bg6 6. h4 h6 7. h5 Bh7 8. Nf3
e6 9. Bd3 Bxd3 10. Qxd3 Nf6 11. Bd2 Nbd7 12. O-O-O Be7 13. Kb1 O-O 14. Ne4 c5
15. dxc5 Nxc5 16. Qxd8 Rfxd8 17. Nxf6+ Bxf6 18. Be3 Na4 19. Rxd8+ Rxd8 20. c3
a6 21. Kc2 b5 22. Nd2 Be7 23. b3 Nc5 24. a4 f5 25. axb5 axb5 26. Ra1 Nd3 27. f4
Bf6 28. Nf3 Nb4+ 29. Kb2 Nd3+ 30. Kc2 Nb4+ 31. Kb2 Nd5 32. Bd4 Bxd4 33. Nxd4
Nxf4 34. Nxb5 Rd2+ 35. Ka3 Rxg2 36. c4 Nd3 37. Rd1 Rg3 38. Nd4 Kf7 39. Rd2 Kf6
40. Ka4 e5 41. Ne2 Rh3 42. b4 e4 43. c5 Ke5 44. c6 Rh1 45. c7 Ra1+ 46. Kb5 Ra8
47. Kc6 Nxb4+ 48. Kb7 Na6 49. c8=Q Rxc8 50. Kxc8 Nc5 51. Rc2 Nd3 52. Rc7 Kf6
53. Rc6+ Ke5 54. Kd7 f4 55. Ke7 e3 56. Re6+ Kf5 57. Nd4+ Kg4 58. Rg6+ Kxh5 59.
Rxg7 Ne5 60. Ke6 Ng4 61. Kf5 1-0

[Event "Elit(LASK-Skara)"]
[Site "?"]
[Date "2003.??.??"]
[Round "4"]
[White "Ziegler, Ari"]
[Black "Nicklasson, Christer"]
[Result "1-0"]
[WhiteElo "2413"]
[BlackElo "2414"]
[PlyCount "101"]
[EventDate "2003.??.??"]

1. d4 f5 2. g3 Nf6 3. Bg2 g6 4. Nf3 Bg7 5. O-O O-O 6. c4 d6 7. Nc3 c6 8. d5 e5
9. dxe6 Bxe6 10. b3 Na6 11. Bb2 Qe7 12. Qd2 Rad8 13. Rad1 d5 14. cxd5 Nxd5 15.
Nxd5 Bxd5 16. Bxg7 Qxg7 17. Qa5 Qe7 18. Rd2 Qc5 19. Qxc5 Nxc5 20. Rfd1 Ne4 21.
Rd3 Nc5 22. Rd4 Ne6 23. R4d2 Rfe8 24. Ne5 Bxg2 25. Kxg2 Rxd2 26. Rxd2 Rd8 27.
Rxd8+ Nxd8 28. Kf3 Ne6 29. h4 Kg7 30. e4 Kf6 31. Nc4 fxe4+ 32. Kxe4 Nc5+ 33.
Kd4 Ne6+ 34. Ke3 Nd8 35. Ke4 Ke6 36. g4 Nf7 37. f4 h5 38. gxh5 gxh5 39. b4 b6
40. f5+ Kf6 41. Kf4 Ke7 42. a4 Kf6 43. a5 b5 44. Nd2 Ke7 45. Ne4 Kd7 46. Ng5
Nh6 47. f6 Kd6 48. f7 Ke7 49. Ke5 Ng4+ 50. Kf5 Ne3+ 51. Kg6 1-0

[Event "Elit(LASK-Skara)"]
[Site "?"]
[Date "2003.??.??"]
[Round "4"]
[White "Eklund, Lars-Goran"]
[Black "Semcesen, Daniel"]
[Result "0-1"]
[WhiteElo "2314"]
[BlackElo "2299"]
[PlyCount "70"]
[EventDate "2003.??.??"]

1. Nf3 Nf6 2. c4 c6 3. Nc3 d5 4. e3 Bg4 5. h3 Bf5 6. d4 e6 7. cxd5 exd5 8. Bd3
Bxd3 9. Qxd3 Be7 10. O-O O-O 11. Re1 Nbd7 12. Rb1 Re8 13. b4 Rc8 14. Bd2 Bd6
15. Rec1 Bb8 16. Na4 b5 17. Nc5 Nb6 18. a4 Nc4 19. axb5 cxb5 20. Ra1 Ne4 21.
Be1 f5 22. Ra6 Qc7 23. Rca1 Re7 24. Ne6 Qd7 25. Nc5 Qe8 26. Ne5 Nxe5 27. dxe5
Rxe5 28. f4 Nxc5 29. bxc5 Rxe3 30. Qxd5+ Kh8 31. Bf2 Re4 32. g3 Re2 33. Qxf5
Rd8 34. c6 Rdd2 35. Rf1 Rxf2 0-1

[Event "Elit(LASK-Skara)"]
[Site "?"]
[Date "2003.??.??"]
[Round "4"]
[White "Ikonic, Borislav"]
[Black "Friberg, Hans"]
[Result "1-0"]
[WhiteElo "2280"]
[BlackElo "2233"]
[PlyCount "103"]
[EventDate "2003.??.??"]

1. e4 e6 2. d3 d5 3. Nd2 c5 4. Ngf3 g6 5. g3 Bg7 6. Bg2 Nc6 7. O-O Nge7 8. Re1
O-O 9. h4 b6 10. e5 Bb7 11. Nf1 Qc7 12. Bf4 d4 13. Qd2 Nd5 14. Bh6 Nxe5 15.
Nxe5 Bxe5 16. Bxf8 Rxf8 17. h5 Bg7 18. hxg6 hxg6 19. Qe2 a5 20. a4 Nb4 21. Bxb7
Qxb7 22. Qd1 Rd8 23. Nd2 Rd5 24. Ne4 Rh5 25. g4 Rh4 26. Qf3 Qc7 27. Rac1 Nd5
28. Ng3 Bh6 29. Rb1 Rh3 30. Re4 Bf4 31. Kg2 Rh4 32. Rh1 Bxg3 33. fxg3 Ne3+ 34.
Kg1 Rxh1+ 35. Kxh1 Nxc2 36. g5 Ne3 37. Rh4 Nf5 38. Rh3 Qb8 39. g4 Ng7 40. Kg1
Qd8 41. Qh1 Nh5 42. gxh5 Qxg5+ 43. Qg2 Qc1+ 44. Qf1 Qg5+ 45. Kh1 Qd5+ 46. Qg2
Qxg2+ 47. Kxg2 g5 48. Rh1 Kh7 49. Rf1 f5 50. Re1 Kh6 51. Rxe6+ Kxh5 52. Kf3 1-0

[Event "Elit(LASK-Skara)"]
[Site "?"]
[Date "2003.??.??"]
[Round "4"]
[White "Andersson, Goran"]
[Black "Johnson, Bjorn"]
[Result "1/2-1/2"]
[WhiteElo "2292"]
[BlackElo "2259"]
[PlyCount "83"]
[EventDate "2003.??.??"]

1. e4 e6 2. d4 d5 3. Nc3 Bb4 4. e5 c5 5. a3 Bxc3+ 6. bxc3 Qc7 7. Nf3 b6 8. h4
Ba6 9. Bxa6 Nxa6 10. Qd3 Nb8 11. h5 h6 12. O-O Nd7 13. c4 dxc4 14. Qxc4 Ne7 15.
c3 Rc8 16. Qe2 cxd4 17. cxd4 Qc4 18. Qd1 Nd5 19. Be3 O-O 20. a4 Qc2 21. Qe1 Qf5
22. Qe2 Qxh5 23. Rfc1 Rxc1+ 24. Rxc1 f6 25. Qb5 Qf7 26. exf6 N7xf6 27. Ne5 Qh5
28. Qc6 Qf5 29. Re1 Ng4 30. Nxg4 Qxg4 31. a5 Rf6 32. Qa8+ Kh7 33. Qxa7 Rg6 34.
g3 bxa5 35. Qxa5 h5 36. Qd2 h4 37. Kg2 Qe4+ 38. Kh2 Qf3 39. Bg5 hxg3+ 40. fxg3
Qh5+ 41. Bh4 Nf6 42. Qc2 1/2-1/2

[Event "Elit(LASK-Skara)"]
[Site "?"]
[Date "2003.??.??"]
[Round "4"]
[White "Olsson, Tomas"]
[Black "Mohammadi, Amir"]
[Result "1/2-1/2"]
[WhiteElo "2231"]
[BlackElo "2265"]
[PlyCount "75"]
[EventDate "2003.??.??"]

1. e4 c5 2. d4 cxd4 3. Nf3 e6 4. Nxd4 Nf6 5. Nc3 d6 6. Be2 Be7 7. O-O a6 8. a4
Qc7 9. f4 O-O 10. Be3 b6 11. Bf3 Bb7 12. g4 Nc6 13. g5 Nd7 14. Bg2 Nxd4 15.
Qxd4 e5 16. Qd2 exf4 17. Bxf4 Ne5 18. Nd5 Bxd5 19. exd5 Rac8 20. c3 Qc4 21. Be3
Qh4 22. Bf4 Rfd8 23. Qe1 Qh5 24. Qg3 Rc4 25. b3 Rxf4 26. Rxf4 Bxg5 27. Re4 Qh6
28. Rf1 Rf8 29. c4 Qg6 30. Rxe5 dxe5 31. Qxe5 Bf6 32. Qe3 Qg4 33. Kh1 Bd4 34.
Qf3 Qxf3 35. Bxf3 Bc5 36. Rd1 Rd8 37. Kg2 a5 38. Re1 1/2-1/2

[Event "Elit(Schack08-Manhem)"]
[Site "?"]
[Date "2003.??.??"]
[Round "4"]
[White "Moberg, Karl-Johan"]
[Black "Petrov, M."]
[Result "0-1"]
[WhiteElo "2331"]
[BlackElo "2517"]
[PlyCount "62"]
[EventDate "2003.??.??"]

1. d4 g6 2. c4 Bg7 3. Nc3 c5 4. d5 d6 5. e4 e6 6. Bd3 Nf6 7. h3 O-O 8. Nf3 Na6
9. O-O Nc7 10. Bg5 h6 11. Be3 exd5 12. exd5 b5 13. cxb5 Ncxd5 14. Nxd5 Nxd5 15.
Bxg6 Be6 16. Bc2 Nxe3 17. fxe3 d5 18. Qd3 f5 19. Rab1 Qb6 20. b4 c4 21. Qd2 f4
22. Rbe1 fxe3 23. Qxe3 Bf5 24. Bxf5 Rxf5 25. Rf2 Qxe3 26. Rxe3 d4 27. Re4 Rd8
28. Rfe2 d3 29. Re8+ Rf8 30. Rxf8+ Bxf8 31. Re4 c3 0-1

[Event "Elit(Schack08-Manhem)"]
[Site "?"]
[Date "2003.??.??"]
[Round "4"]
[White "Laveryd, Peter"]
[Black "Olausson, Claes-Goran"]
[Result "1-0"]
[WhiteElo "2459"]
[BlackElo "2375"]
[PlyCount "67"]
[EventDate "2003.??.??"]

1. d4 d5 2. c4 e6 3. Nf3 Nf6 4. Nc3 Be7 5. cxd5 exd5 6. Bg5 c6 7. Qc2 g6 8. e3
Bf5 9. Bd3 Bxd3 10. Qxd3 Nbd7 11. Bh6 Nf8 12. Bg7 Rg8 13. Bxf8 Rxf8 14. O-O Qd6
15. b4 Rc8 16. b5 c5 17. dxc5 Qxc5 18. Rac1 Qa3 19. Nd4 Rd8 20. Nb3 Rg8 21. Ne2
Bd6 22. Rc2 Ke7 23. Qd4 Rd7 24. Rfc1 Qb4 25. Qxa7 Qxb5 26. Ned4 Qb4 27. Nc5 Bb8
28. Qa4 Qxa4 29. Nxa4 Bd6 30. Nb5 Kf8 31. Rc8+ Kg7 32. Rxg8+ Kxg8 33. Rc8+ Kg7
34. Nb6 1-0

[Event "Elit(Schack08-Manhem)"]
[Site "?"]
[Date "2003.??.??"]
[Round "4"]
[White "Kinnmark, Ove"]
[Black "Ingbrandt, Johan"]
[Result "0-1"]
[WhiteElo "2328"]
[BlackElo "2467"]
[PlyCount "104"]
[EventDate "2003.??.??"]

1. e4 e5 2. Nf3 Nc6 3. Bb5 Nf6 4. d3 Bc5 5. c3 d6 6. O-O O-O 7. h3 Ne7 8. d4
Bb6 9. Re1 Ng6 10. Nbd2 c6 11. Bf1 Re8 12. dxe5 dxe5 13. Qc2 h6 14. Nc4 Bc7 15.
a4 Be6 16. b4 Nd7 17. Be3 Qf6 18. Rad1 Nf4 19. Bxf4 Qxf4 20. Nd6 Bxd6 21. Rxd6
a5 22. Nd2 Nb6 23. Rb1 axb4 24. Rxb4 Nc8 25. Rd3 b6 26. Rf3 Qg5 27. Bc4 Qe7 28.
Bxe6 Qxe6 29. Rd3 Ra6 30. Kh2 Kh7 31. Nf3 Re7 32. Qd1 Raa7 33. Qd2 c5 34. Rb2
Rxa4 35. Rd5 f6 36. Qd3 c4 37. Qd1 Ra5 38. Nh4 Rxd5 39. exd5 Qd7 40. Qh5 e4 41.
Ra2 Re5 42. Qg6+ Kg8 43. Ra8 Qb7 44. Nf5 Rxf5 45. Qe8+ Kh7 46. Rxc8 Qxd5 47.
Qh8+ Kg6 48. Rg8 Qd7 49. Kg1 Rd5 50. h4 h5 51. Re8 Rd1+ 52. Kh2 Qg4 0-1

[Event "Elit(Schack08-Manhem)"]
[Site "?"]
[Date "2003.??.??"]
[Round "4"]
[White "Renman, Nils-Gustaf"]
[Black "Akesson, Joel"]
[Result "1/2-1/2"]
[WhiteElo "2416"]
[BlackElo "2325"]
[PlyCount "91"]
[EventDate "2003.??.??"]

1. d4 d5 2. c4 c6 3. Nc3 dxc4 4. e3 b5 5. a4 b4 6. Nb1 Ba6 7. Nf3 Nf6 8. Be2 e6
9. Ne5 c5 10. Bf3 Nd5 11. e4 Nf6 12. d5 exd5 13. exd5 Bd6 14. Nc6 Nxc6 15. dxc6
O-O 16. O-O Qc7 17. g3 Rad8 18. Qc2 Rfe8 19. Rd1 Be5 20. Rxd8 Qxd8 21. Be3 Qd3
22. Qxd3 cxd3 23. Nd2 c4 24. Rc1 Bxb2 25. Rxc4 Bc3 26. Rc5 Bc8 27. Nc4 b3 28.
Rb5 b2 29. Nxb2 Ba6 30. Rb3 Ba5 31. Nxd3 Bc4 32. Ra3 a6 33. Nc5 Nd5 34. Nb7 Bb4
35. Ra1 Nxe3 36. fxe3 Rxe3 37. c7 Be6 38. Nd8 Bc8 39. Nc6 Bc5 40. Kg2 Kf8 41.
Rd1 Bb6 42. Na7 Bxa7 43. Rd8+ Ke7 44. Rxc8 Rc3 45. Bb7 Bb6 46. Bxa6 1/2-1/2

[Event "Elit(Schack08-Manhem)"]
[Site "?"]
[Date "2003.??.??"]
[Round "4"]
[White "Ottenklev, Niclas"]
[Black "Hultin, Johan"]
[Result "1/2-1/2"]
[WhiteElo "2230"]
[BlackElo "2341"]
[PlyCount "119"]
[EventDate "2003.??.??"]

1. e4 e6 2. Qe2 c5 3. Nf3 Nc6 4. g3 Nf6 5. Bg2 d5 6. d3 Be7 7. O-O b6 8. Re1
Bb7 9. c3 O-O 10. e5 Nd7 11. h4 b5 12. Bf4 b4 13. c4 Nb6 14. Nbd2 Rc8 15. Rac1
Rc7 16. Nb3 Qa8 17. Red1 Rfc8 18. h5 h6 19. Ne1 Rd8 20. Qg4 Kh8 21. cxd5 Nxd5
22. Nxc5 Bxc5 23. Rxc5 Nce7 24. Rxc7 Nxc7 25. Be3 Bxg2 26. Nxg2 Ncd5 27. Bc5
Nf5 28. Bxb4 Nxb4 29. Qxb4 Qf3 30. Qe1 Nd4 31. Nf4 Qg4 32. Qf1 Nf3+ 33. Kg2 Rd4
34. Ne2 Rb4 35. b3 Qxh5 36. d4 Nh2 37. Qh1 Qxe2 38. Kxh2 Qxa2 39. Qa8+ Kh7 40.
Qe4+ g6 41. Qf3 Kg8 42. Rc1 Rb8 43. Rc7 Rf8 44. Kg2 Qd2 45. Rd7 Qb2 46. Qe3 Qc2
47. Rxa7 Qc6+ 48. Qf3 Qxf3+ 49. Kxf3 Rb8 50. Ra3 h5 51. Ke4 Kg7 52. f3 g5 53.
g4 h4 54. Kd3 h3 55. Ra2 Rxb3+ 56. Ke4 Rb8 57. Rh2 Rh8 58. Ke3 Kg6 59. Ke4 Kg7
60. Ke3 1/2-1/2

[Event "Elit(Schack08-Manhem)"]
[Site "?"]
[Date "2003.??.??"]
[Round "4"]
[White "Karlsson, Tomas"]
[Black "Schneider, Lars-Ake"]
[Result "1/2-1/2"]
[WhiteElo "2297"]
[BlackElo "2379"]
[PlyCount "121"]
[EventDate "2003.??.??"]

1. e4 c5 2. Nf3 Nc6 3. d4 cxd4 4. Nxd4 Nf6 5. Nc3 d6 6. Be2 e5 7. Nf3 h6 8. O-O
Be7 9. h3 O-O 10. Be3 Be6 11. a3 Rc8 12. Nd2 d5 13. exd5 Nxd5 14. Nxd5 Bxd5 15.
Nf3 f5 16. c4 Be6 17. Qc2 e4 18. Rfd1 Qc7 19. Nd4 Nxd4 20. Bxd4 Bxc4 21. Bxc4+
Qxc4 22. Qxc4+ Rxc4 23. Bxa7 Bf6 24. Rd7 Bxb2 25. Rb1 Rc1+ 26. Rxc1 Bxc1 27.
Rxb7 Bxa3 28. Bd4 Rf7 29. Rxf7 Kxf7 30. f3 g6 31. Kf2 Ke6 32. Ke2 h5 33. Bc3
Bc5 34. Bd2 Ke5 35. Bg5 Kd4 36. Be3+ Kc4 37. Bd2 Bg1 38. Bg5 Kd5 39. Bd2 Ke5
40. Bg5 Bb6 41. Bd2 Bd8 42. Bc1 Bh4 43. Bd2 Bg3 44. Bc1 Bf4 45. Bb2+ Kd5 46.
Bc3 g5 47. Bb2 g4 48. hxg4 hxg4 49. fxg4 fxg4 50. Bc3 Ke6 51. Bd4 Kf5 52. Bc5
Bc1 53. Bd6 Bb2 54. Bh2 Bd4 55. Kf1 Be5 56. Bg1 Kf4 57. Bh2+ g3 58. Bg1 e3 59.
Bxe3+ Kxe3 60. Kg1 Kd3 61. Kh1 1/2-1/2

[Event "Elit(SodraSASS-Sollentuna)"]
[Site "?"]
[Date "2003.??.??"]
[Round "4"]
[White "Kulaots, Kaido"]
[Black "Ivanov, Sergej"]
[Result "1/2-1/2"]
[WhiteElo "2593"]
[BlackElo "2657"]
[PlyCount "50"]
[EventDate "2003.??.??"]

1. e4 e6 2. d4 d5 3. Nc3 Bb4 4. e5 c5 5. a3 Ba5 6. b4 cxd4 7. Qg4 Ne7 8. bxa5
dxc3 9. Qxg7 Rg8 10. Qxh7 Nbc6 11. Nf3 Qc7 12. Bf4 Bd7 13. Bg3 O-O-O 14. Bd3
Qxa5 15. O-O Rh8 16. Qxf7 Rdf8 17. Qg7 Rhg8 18. Qh7 Rh8 19. Qg7 Rhg8 20. Qh7
Qc5 21. Kh1 Rh8 22. Qg7 Rhg8 23. Qh7 Rh8 24. Qg7 Rhg8 25. Qh7 Rh8 1/2-1/2

[Event "Elit(SodraSASS-Sollentuna)"]
[Site "?"]
[Date "2003.??.??"]
[Round "4"]
[White "Berg, Emanuel"]
[Black "Akesson, Ralf"]
[Result "1-0"]
[WhiteElo "2542"]
[BlackElo "2542"]
[PlyCount "63"]
[EventDate "2003.??.??"]

1. e4 c6 2. d4 d5 3. e5 Bf5 4. Nc3 h5 5. h4 e6 6. Bg5 f6 7. Bf4 Nd7 8. Bd3 Ne7
9. Nf3 Qb6 10. Qd2 Bxd3 11. Qxd3 Nf5 12. O-O-O Kf7 13. Rhe1 Qa6 14. Qxa6 bxa6
15. g3 Bb4 16. Bd2 Rab8 17. Na4 Be7 18. Bf4 Rb4 19. b3 c5 20. c3 Rb7 21. c4
dxc4 22. d5 cxb3 23. dxe6+ Kxe6 24. exf6+ Kxf6 25. Bg5+ Kf7 26. Bxe7 Nxe7 27.
Ng5+ Ke8 28. axb3 Rf8 29. Nc3 Nb6 30. Ne6 Rf6 31. Rd8+ Kf7 32. Ne4 1-0

[Event "Elit(SodraSASS-Sollentuna)"]
[Site "?"]
[Date "2003.??.??"]
[Round "4"]
[White "Eriksson, Johan"]
[Black "Welin, Thomas"]
[Result "1-0"]
[WhiteElo "2453"]
[BlackElo "2412"]
[PlyCount "51"]
[EventDate "2003.??.??"]

1. d4 d5 2. c4 c6 3. Nf3 Nf6 4. Nc3 dxc4 5. a4 Bf5 6. Ne5 Nbd7 7. Nxc4 Nb6 8.
Ne5 a5 9. f3 Nfd7 10. Nxd7 Nxd7 11. e4 Bg6 12. f4 e6 13. Bc4 Bb4 14. O-O Bxc3
15. bxc3 Bxe4 16. Qe2 Nb6 17. Bxe6 fxe6 18. Qxe4 Qd5 19. Re1 Qxe4 20. Rxe4 Kf7
21. Rb1 Nxa4 22. Rxb7+ Kf6 23. Ba3 Rhb8 24. Re7 h5 25. R4xe6+ Kf5 26. Rxc6 1-0

[Event "Elit(SodraSASS-Sollentuna)"]
[Site "?"]
[Date "2003.??.??"]
[Round "4"]
[White "Lundvik, Jonas"]
[Black "Couso, Luis"]
[Result "1/2-1/2"]
[WhiteElo "2296"]
[BlackElo "2448"]
[PlyCount "42"]
[EventDate "2003.??.??"]

1. d4 e6 2. Nf3 Nf6 3. g3 d5 4. Bg2 Be7 5. O-O O-O 6. c4 dxc4 7. Nbd2 Nc6 8.
Nxc4 a6 9. b3 Bd7 10. Bb2 Rb8 11. Rc1 Be8 12. Qc2 Nb4 13. Qb1 Bc6 14. Ncd2 a5
15. Rfd1 Bb5 16. Nc4 Bc6 17. a3 Be4 18. Qa1 Ra8 19. Ncd2 Nc2 20. Qa2 Nb4 21.
Qa1 Nc2 1/2-1/2

[Event "Elit(SodraSASS-Sollentuna)"]
[Site "?"]
[Date "2003.??.??"]
[Round "4"]
[White "Holmqvist, Gunnar"]
[Black "Poley, Vladimir"]
[Result "1/2-1/2"]
[WhiteElo "2256"]
[BlackElo "2442"]
[PlyCount "93"]
[EventDate "2003.??.??"]

1. Nf3 g6 2. g3 Bg7 3. Bg2 Nc6 4. d4 d5 5. c4 e6 6. cxd5 exd5 7. Nc3 Nge7 8.
Bf4 Bg4 9. Ne5 Be6 10. Nxc6 Nxc6 11. Be3 O-O 12. O-O Na5 13. b3 c5 14. Na4 c4
15. Nc5 Bf5 16. Bd2 Nc6 17. e3 b6 18. Na4 Rc8 19. bxc4 dxc4 20. Rc1 Bd7 21. Rb1
Re8 22. Nc3 Bf8 23. Nd5 Bf5 24. Rb5 Bd3 25. Re1 c3 26. Nxc3 Bxb5 27. Nxb5 a6
28. Nc3 Nb4 29. Qb3 b5 30. Nxb5 axb5 31. Bxb4 Bxb4 32. Qxb4 Rc4 33. Qb1 Qf6 34.
Bf1 Rc3 35. Bxb5 Rec8 36. Ba4 Qd6 37. Qe4 Qb4 38. Bd7 Rb8 39. Rd1 Ra3 40. Bc6
Rxa2 41. Bd5 Ra5 42. Rc1 Qd6 43. Rc5 Rxc5 44. dxc5 Qf6 45. Bb7 Rd8 46. Bd5 Rb8
47. Bb7 1/2-1/2

[Event "Elit(Rockaden-Farsta)"]
[Site "?"]
[Date "2003.??.??"]
[Round "4"]
[White "Lindberg, Bengt"]
[Black "Nielsen, Peter Heine"]
[Result "0-1"]
[WhiteElo "2515"]
[BlackElo "2686"]
[PlyCount "138"]
[EventDate "2003.??.??"]

1. e4 c5 2. Nf3 d6 3. d4 cxd4 4. Nxd4 Nf6 5. Nc3 a6 6. Be2 e6 7. O-O Be7 8. f4
O-O 9. a4 Nc6 10. Be3 Qc7 11. Kh1 Re8 12. Bg1 Bd7 13. Nb3 b6 14. Bf3 Rab8 15.
Qe2 Bc8 16. e5 Nd7 17. exd6 Bxd6 18. Rad1 Nf6 19. Ne4 Be7 20. Nxf6+ Bxf6 21.
Qc4 Bb7 22. c3 Rec8 23. Rd2 b5 24. axb5 axb5 25. Qe2 Na5 26. Nc5 Bxf3 27. Rxf3
Nc4 28. Rd7 Qc6 29. Rfd3 Rd8 30. b3 Nb6 31. R3d6 Qxd6 32. Rxd6 Rxd6 33. Ne4 Rd5
34. c4 bxc4 35. bxc4 Ra5 36. Nxf6+ gxf6 37. h3 Rf5 38. Qb2 Nd7 39. Qd2 Rc8 40.
g4 Rfc5 41. Bxc5 Nxc5 42. Kg2 Ne4 43. Qd4 f5 44. g5 Rc6 45. h4 Rd6 46. Qa7 Kg7
47. h5 e5 48. Qa1 Re6 49. fxe5 Nxg5 50. Kg3 h6 51. Kf4 Kh7 52. Kxf5 Rc6 53. Qa4
Ne6 54. Qa2 Rc7 55. Ke4 Rc5 56. Qe2 Ra5 57. Qf1 Ra7 58. Qf5+ Kg8 59. Qf6 Rc7
60. Kd3 Kh7 61. Kc3 Rb7 62. Qf3 Rb3+ 63. Kxb3 Nd4+ 64. Kc3 Nxf3 65. c5 Nxe5 66.
Kd4 Nc6+ 67. Kd5 Na5 68. c6 Nxc6 69. Kxc6 Kg7 0-1

[Event "Elit(Rockaden-Farsta)"]
[Site "?"]
[Date "2003.??.??"]
[Round "4"]
[White "Karlsson, Lars"]
[Black "Degerman, Lars"]
[Result "1-0"]
[WhiteElo "2532"]
[BlackElo "2515"]
[PlyCount "75"]
[EventDate "2003.??.??"]

1. Nf3 Nf6 2. g3 d5 3. Bg2 g6 4. c4 Bg7 5. cxd5 Nxd5 6. Nc3 Nb6 7. d4 O-O 8.
O-O Nc6 9. e3 e5 10. d5 Na5 11. e4 c6 12. Bg5 f6 13. Be3 cxd5 14. exd5 Nac4 15.
Bc5 Rf7 16. b3 Nd6 17. a4 Qc7 18. Bb4 a5 19. Ba3 Bh6 20. Bb2 Nd7 21. Nd2 Nc5
22. Nc4 Bd7 23. Re1 Rc8 24. Bf1 b6 25. Nxd6 Qxd6 26. Ne4 Nxe4 27. Rxe4 Bf8 28.
Ba3 Qb8 29. d6 Be6 30. Bc4 Rxc4 31. Rxc4 Qb7 32. Qc2 Bxc4 33. Qxc4 Kg7 34. Rc1
Qf3 35. Qe6 Qd3 36. Rc7 Rxc7 37. dxc7 Bxa3 38. c8=Q 1-0